| 000 | 01503aam a2200421 c 4500 | ||
|---|---|---|---|
| 001 | 768714001 | ||
| 003 | CO-MdFUSB | ||
| 005 | 20180622072746.0 | ||
| 008 | 910306t1991 miu b 001 0 eng | ||
| 010 | _a 91011037 | ||
| 020 | _a0801067855 | ||
| 040 |
_aDLC _cCO-MdFUSB _bspa _dCO-MdFUSBC _erda |
||
| 041 | _aeng | ||
| 043 | _an-us--- | ||
| 049 | _aPTSS | ||
| 082 | 0 | 0 |
_a220.609 _223 _bN793b |
| 100 | 1 |
_aNoll, Mark A., _d1946- _eautor |
|
| 245 | 1 | 0 |
_aBetween faith and criticism : _bevengelicals, scholarship, and the Bible in America _c / Mark A. Noll. |
| 250 | _aSegunda edición | ||
| 264 | 1 |
_aVancouver, British Columbia : _bRegent College Publishing, _c2004 |
|
| 264 | 1 | _c©1991 | |
| 300 |
_axii, 271 p. ; _c22 cm. _b: |
||
| 336 |
_2rdacontent _a1 _ba1 |
||
| 337 |
_2rdamedia _a2 _b5 |
||
| 338 |
_2rdacarrier _a2 _b5 |
||
| 504 | _aIncluye referencias bibliográficas (páginas [255]-263) e índices. | ||
| 505 | _aRespuesta al criticismo -- Declinación. 1900-1935 -- Una alternativa: Gran Bretaña, 1860-1937 -- Retorno: 1935-1974 -- Logros recientes | ||
| 563 | _arústico | ||
| 630 | 0 | 0 |
_aBible _xCriticism, interpretation, etc. _zUnited States _xHistory _y19th century. |
| 630 | 7 |
_aBiblia _xCrítica, interpretación, etc. _zEstados Unidos _ySiglo XX |
|
| 653 | _aEvangelicalismo | ||
| 830 | 0 | _aConfessional perspectives series. | |
| 942 | _cBK | ||
| 999 |
_c63855 _d63855 |
||